<?xml version="1.0" encoding="UTF-8"?>
<record
    xmlns:xsi="http://www.w3.org/2001/XMLSchema-instance"
    xsi:schemaLocation="http://www.loc.gov/MARC21/slim http://www.loc.gov/standards/marcxml/schema/MARC21slim.xsd"
    xmlns="http://www.loc.gov/MARC21/slim">

  <leader>01844nac a2200301 a 4500</leader>
  <controlfield tag="003">CO-PeBPM</controlfield>
  <controlfield tag="005">20260427100303.0</controlfield>
  <controlfield tag="007">ta</controlfield>
  <controlfield tag="008">260427s2006    ck a|||| |||| 00| 0 spa d</controlfield>
  <datafield tag="020" ind1=" " ind2=" ">
    <subfield code="a">8425516536</subfield>
  </datafield>
  <datafield tag="040" ind1=" " ind2=" ">
    <subfield code="a">CO-PeBPM</subfield>
    <subfield code="b">spa</subfield>
    <subfield code="c">CO-PeBPM</subfield>
    <subfield code="e">rda</subfield>
  </datafield>
  <datafield tag="082" ind1="0" ind2="4">
    <subfield code="a">796.8 K89e</subfield>
    <subfield code="2">22</subfield>
  </datafield>
  <datafield tag="100" ind1="1" ind2=" ">
    <subfield code="a">Kraemer, William J.</subfield>
    <subfield code="e">autor</subfield>
  </datafield>
  <datafield tag="245" ind1="1" ind2="0">
    <subfield code="a"> Entrenamiento de la fuerza </subfield>
    <subfield code="c">/ William J. Kraemer y Keijo Hakkinen ; traducci&#xF3;n Assumpta Ense&#xF1;at y Alfonso Blanco</subfield>
  </datafield>
  <datafield tag="264" ind1=" " ind2=" ">
    <subfield code="a">Barcelona, Espa&#xF1;a</subfield>
    <subfield code="b">: Hispano Europea</subfield>
    <subfield code="c">, 2006</subfield>
  </datafield>
  <datafield tag="300" ind1=" " ind2=" ">
    <subfield code="a">256 p&#xE1;ginas</subfield>
    <subfield code="b">ilustraciones, figuras en  blanco y negro</subfield>
    <subfield code="c">23 cm.</subfield>
  </datafield>
  <datafield tag="336" ind1=" " ind2=" ">
    <subfield code="2">rdacontent</subfield>
    <subfield code="a">texto</subfield>
    <subfield code="b">txt</subfield>
  </datafield>
  <datafield tag="337" ind1=" " ind2=" ">
    <subfield code="2">rdamedia</subfield>
    <subfield code="a">sin mediaci&#xF3;n</subfield>
    <subfield code="b">n</subfield>
  </datafield>
  <datafield tag="338" ind1=" " ind2=" ">
    <subfield code="2">rdacarrier</subfield>
    <subfield code="a">volumen</subfield>
    <subfield code="b">nc</subfield>
  </datafield>
  <datafield tag="490" ind1=" " ind2=" ">
    <subfield code="a">Herakles</subfield>
  </datafield>
  <datafield tag="500" ind1=" " ind2=" ">
    <subfield code="a">Incluye &#xED;ndice</subfield>
  </datafield>
  <datafield tag="520" ind1=" " ind2=" ">
    <subfield code="a">Abarca los conocimientos fundamentales necesarios para que los profesionales de la medicina del deporte y del entrenamiento comprendan y desarrollen programas de entrenamiento de fuerza. El libro es una fuente de informaci&#xF3;n sobre todos los aspectos del entrenamiento de fuerza presentada de forma clara y comprensible. Se examinan las caracter&#xED;sticas de entrenamiento espec&#xED;ficas del rendimiento neuromuscular; el desarrollo de las sesiones de entrenamiento de la fuerza; la periodizaci&#xF3;n del entrenamiento; las consideraciones especiales del entrenamiento de fuerza y los aspectos m&#xE9;dicos relativos al entrenamiento de fuerza. Gracias a las contribuciones de un equipo de l&#xED;deres mundiales en sus respectivos &#xE1;mbitos, Entrenamiento de la fuerza proporciona una visi&#xF3;n totalmente internacional sobre este tema tan importante.</subfield>
  </datafield>
  <datafield tag="650" ind1="1" ind2="7">
    <subfield code="a"> Defensa personal </subfield>
    <subfield code="2">LEMB</subfield>
  </datafield>
  <datafield tag="650" ind1="1" ind2="7">
    <subfield code="a">Entrenamiento deportivo</subfield>
    <subfield code="2">LEMB</subfield>
  </datafield>
  <datafield tag="700" ind1="1" ind2=" ">
    <subfield code="a">Blanco, Alfonso, traductor.  </subfield>
    <subfield code="e">traductor</subfield>
  </datafield>
  <datafield tag="700" ind1="1" ind2=" ">
    <subfield code="a">Ense&#xF1;at, Assumpta</subfield>
    <subfield code="e">traductor</subfield>
  </datafield>
  <datafield tag="942" ind1=" " ind2=" ">
    <subfield code="2">ddc</subfield>
    <subfield code="n">0</subfield>
    <subfield code="c">BK</subfield>
  </datafield>
  <datafield tag="952" ind1=" " ind2=" ">
    <subfield code="0">0</subfield>
    <subfield code="1">0</subfield>
    <subfield code="2">ddc</subfield>
    <subfield code="4">0</subfield>
    <subfield code="7">0</subfield>
    <subfield code="8">GEN</subfield>
    <subfield code="a">BRC</subfield>
    <subfield code="b">BRC</subfield>
    <subfield code="c">GEN</subfield>
    <subfield code="d">2026-04-27</subfield>
    <subfield code="e">Donaci&#xF3;n</subfield>
    <subfield code="l">0</subfield>
    <subfield code="o">796.8 K89e</subfield>
    <subfield code="p">63758</subfield>
    <subfield code="r">2026-04-27 09:59:25</subfield>
    <subfield code="t">Ej. 1</subfield>
    <subfield code="w">2026-04-27</subfield>
    <subfield code="y">BK</subfield>
  </datafield>
  <datafield tag="999" ind1=" " ind2=" ">
    <subfield code="c">107342</subfield>
    <subfield code="d">107342</subfield>
  </datafield>
</record>
